000 00376nam a2200145 i 4500
001 bg
100 1 _aŻONGOLOVIC, J. D.
245 0 _aTablicy naturalnych znacenij tg x/2 tg2 x/2 /
_cJ.D. Żongolovic, T.B. Sabanina.
260 _aMoskva,
_c1963.
700 1 _aSABANINA, T. B.
040 _cBPK
041 _apol
942 _cKS
008 s pl f |000 0 pol
999 _c14007
_d14007
856 _uhttp://koha.tu.koszalin.pl/cgi-bin/koha/opac-detail.pl?biblionumber=14007
_yKatalog online BPK